| 000 | 01274nam0a2200301 4500 | ||
|---|---|---|---|
| 001 | RU\NLR\b_ik\96782 | ||
| 005 | 20250616224928.0 | ||
| 035 | _a(NLR Aleph) 002170741 | ||
| 090 |
_a2650967 _c2650967 |
||
| 100 | _a20030411d2002 |||y0rusy50 ca | ||
| 101 | 0 |
_aeng _deng |
|
| 102 | _aRU | ||
| 105 | _ay ||||||||| | ||
| 200 | 1 |
_aLangevin equation with scale-dependent noise _fM.V. Altaisky |
|
| 210 |
_aДубна _cОбъед. ин-т ядер. исслед. _d2002 |
||
| 215 |
_a5, [1] с. _d22 |
||
| 225 | 1 |
_aСообщения Объединенного института ядерных исследований, Дубна _vЕ5-2002-35 |
|
| 300 | _aНа 3-й с. обл.: Уравнение Ланжевена с масштабно-зависимым шумом / Алтайский М.В. | ||
| 300 | _aРез. на рус. яз. | ||
| 320 | _aБиблиогр. в конце кн. | ||
| 517 | 0 | _aУравнение Ланжевена с масштабно-зависимым шумом | |
| 606 | 0 |
_aЛанжевена уравнение _92292761 _3RU\NLR\AUTH\661373040 |
|
| 686 | 4 | _aВ365.112 | |
| 700 | 1 |
_aAltajskij _bM. V. _gMichail Viktorovič _4070 |
|
| 801 | 0 |
_aRU _bNLR _c20030411 _gPSBO |
|
| 942 | _cBOOK | ||
| 980 | _aNB | ||